01199nam a22003617a 4500999001900000003000400019020001800023020001500041082001900056245011700075260006500192300001000257546001200267650004900279650003400328650001700362650001900379650003400398650001800432650003000450650005500480700002000535700002200555700001600577700001600593700001700609700001800626700001900644700002100663700002100684942001300705952011900718 c195772d195772OSt a9788170196266 a8170196267 a632.65bMUJ/BI aBio-intensive approaches:bapplication and effectiveness in the management of plant nematodes, insects and weeds aNew DelhibToday and tomorrow's printers and publishesc2019 a678p. aEnglish aPlant parasitic nematodes biological control aNematode management in cotton aOnion thrips aBiosurfactants aVaccination for edible plants aCoccinellids  aFungal bio control agents aRoot-knot nematode infestation in medicinal plants aMujeebur R Khan aMukhopadhyay, A N aPandey, R N aThakur, M P aDinesh Singh aSiddiqui, M A aMuhammed Akram aFayaz A Mohiddin aZiaul Haque eds. 2ddccREF 00102ddc40718REFaKAUCLVbKAUCLVcREFd2021-04-12g5995.00l0o632.65 MUJ/BIp231034r2021-04-12 00:00:00yREF